Fisheries management (Record no. 395071)

MARC details
000 -LEADER
fixed length control field 00535 a2200205 4500
005 - DATE & TIME
control field 20260210110043.0
008 - FIXED-LENGTH DATA ELEMENTS--GENERAL INFORMATION
fixed length control field 260209b |||||||| |||| 00| 0 eng d
020 ## - ISBN
International Standard Book Number 9781635491203
Price $ 140.00
040 ## - CATALOGING SOURCE
Original cataloging agency VIVEKANANDA LIBRARY
082 ## - DDC NUMBER
Classification number 639.2
Book Number W654F
100 ## - MAIN ENTRY--PERSONAL NAME
Personal name Wilkinson, Clavin, ed.
245 ## - TITLE STATEMENT
Title Fisheries management
260 ## - PUBLICATION, DISTRIBUTION, ETC. (IMPRINT)
Name of publisher, distributor, etc Larsen and Keller Education
Date of publication, distribution, etc 2017
Place of publication, distribution, etc New York
300 ## - PHYSICAL DESCRIPTION
Pages viii, 239
650 ## - Subject
Subject Zoology
650 ## - Subject
Subject Fisheries
650 ## - Subject
Subject Fishery Management
650 ## - Subject
Subject Fishing Techniques
942 ## - ADDED ENTRY ELEMENTS (KOHA)
Koha item type Books
Holdings
Withdrawn status Lost status Source of classification or shelving scheme Damaged status Not for loan Location (home branch) Sublocation or collection (holding branch) Shelving location Date acquired Koha issues (times borrowed) Koha full call number Accession No. Koha date last seen Koha item type
    Dewey Decimal Classification     VIVEKANANDA LIBRARY VIVEKANANDA LIBRARY Vivekananda Library 07/01/2026   639.2 W654F 444047 07/01/2026 Books
© Designed and Maintained by Vivekananda Library, MDU Rohtak